California Cities Quiz - Statistics

General Stats
  • This quiz has been taken 7 times
  • The average score is 38 of 80
Answer Stats
Answer % Correct
Bakersfield
100%
Anaheim
86%
Fresno
86%
Long Beach
86%
Los Angeles
86%
Oakland
86%
Riverside
86%
San Diego
86%
San Francisco
86%
San Jose
86%
Santa Ana
86%
Santa Barbara
86%
Santa Monica
86%
Stockton
86%
Berkeley
71%
Burbank
71%
Chula Vista
71%
Irvine
71%
Modesto
71%
Monterey
71%
Pasadena
71%
Sacramento
71%
San Bernardino
71%
San Mateo
71%
Santa Clara
71%
Santa Clarita
71%
Santa Rosa
71%
Torrance
71%
Fremont
57%
Glendale
57%
Huntington Beach
57%
Oxnard
57%
Pomona
57%
Rancho Cucamonga
57%
Salinas
57%
Santa Cruz
57%
Santa Maria
57%
Sunnyvale
57%
Thousand Oaks
57%
Ventura
57%
Carlsbad
43%
Fontana
43%
Moreno Valley
43%
Newport Beach
43%
Oceanside
43%
Palo Alto
43%
San Luis Obispo
43%
Victorville
43%
Visalia
43%
Beverly Hills
29%
Chico
29%
Chino
29%
Clovis
29%
Compton
29%
Eureka
29%
Fullerton
29%
Inglewood
29%
Merced
29%
Redding
29%
Simi Valley
29%
Temecula
29%
Vacaville
29%
Chino Hills
14%
Costa Mesa
14%
Crescent City
14%
Encinitas
14%
Gilroy
14%
Lake Elsinore
14%
Mountain View
14%
West Hollywood
14%
Chowchilla
0%
Culver City
0%
Cupertino
0%
Independence
0%
Los Banos
0%
Madera
0%
Red Bluff
0%
Redwood City
0%
Tulare
0%
Yreka
0%
No matching quizzes found
Score Distribution
Percent of People with Each Score
Percentile by Number Answered
Your Score History
You have not taken this quiz